King of the Wind (Record no. 8304)
[ view plain ]
| 000 -LEADER | |
|---|---|
| fixed length control field | 00504nam a22001817a 4500 |
| 003 - CONTROL NUMBER IDENTIFIER | |
| control field | OSt |
| 005 - DATE AND TIME OF LATEST TRANSACTION | |
| control field | 20151110131922.0 |
| 008 - FIXED-LENGTH DATA ELEMENTS--GENERAL INFORMATION | |
| fixed length control field | 121120t xxu||||| |||| 00| 0 eng d |
| 020 ## - INTERNATIONAL STANDARD BOOK NUMBER | |
| International Standard Book Number | 9780590453165 |
| 050 ## - LIBRARY OF CONGRESS CALL NUMBER | |
| Classification number | F 12 |
| Item number | .H521 1948 |
| 082 ## - DEWEY DECIMAL CLASSIFICATION NUMBER | |
| Classification number | KF |
| Item number | H39k 1948 |
| 245 ## - TITLE STATEMENT | |
| Title | King of the Wind |
| Remainder of title | The Story of the Godolphin Arabian |
| Statement of responsibility, etc | Marguerite Henry ; illustrated by: Wesley Dennis |
| 260 ## - PUBLICATION, DISTRIBUTION, ETC. (IMPRINT) | |
| Place of publication, distribution, etc | New York |
| Name of publisher, distributor, etc | Scholastic |
| Date of publication, distribution, etc | c1948. |
| 300 ## - PHYSICAL DESCRIPTION | |
| Size of unit | 19cm |
| Extent | 192 p. : |
| 562 ## - COPY AND VERSION IDENTIFICATION NOTE | |
| Number of copies | 1 |
| 942 ## - ADDED ENTRY ELEMENTS (KOHA) | |
| Source of classification or shelving scheme | Library of Congress Classification |
| Koha item type | Books |
| Withdrawn status | Lost status | Source of classification or shelving scheme | Damaged status | Home library | Current library | Shelving location | Date acquired | Total Checkouts | Full call number | Barcode | Date last seen | Copy number | Price effective from | Koha item type |
|---|---|---|---|---|---|---|---|---|---|---|---|---|---|---|
| Library of Congress Classification | Luxembourg Library | Luxembourg Library | Kids Fiction Section | 07/31/2013 | F 12 .H521 1948 | 17041 | 07/01/2015 | 1 | 07/31/2013 | Books | ||||
| Library of Congress Classification | Luxembourg Library | Luxembourg Library | Kids Fiction Section | 07/31/2013 | F 12 .H521 1948 | 2024 | 05/25/2015 | 1 | 07/31/2013 | Books |